Loreto College Library, Kolkata
WEBOPAC (ONLINE PUBLIC ACCESS CATALOGUE)

The Himalayan beas basin (Record no. 24933)

MARC details
000 -LEADER
fixed length control field 00573nam a2200181Ia 4500
008 - FIXED-LENGTH DATA ELEMENTS--GENERAL INFORMATION
fixed length control field 131103s9999 xx 000 0 und d
040 ## - CATALOGING SOURCE
Original cataloging agency Loreto College
041 ## - LANGUAGE CODE
Language code English
082 ## - DDC | ডিউই
Classification number | বর্গসংখ্যা 915.45/KAY
Book Number | গ্রন্থাঙ্ক LCLIB(Press)/18880
100 ## - MAIN ENTRY--PERSONAL NAME | মুখ্য সংলেখ - ব্যাক্তিনাম
Personal name | ব্যাক্তিনাম Kayastha, S L
245 #4 - TITLE STATEMENT | অাখ্যা বিবরণী
Title | অাখ্যা The Himalayan beas basin
Sub title | উপঅাখ্যা A study in habitat, economy and society
Statement of responsibility | লেখকের দায়িত্বের বিবরণ S L Kayastha
260 ## - IMPRINT | প্রকাশনা ক্ষেত্র
Place of publication | প্রকাশ স্থান Varanasi
Name of publisher | প্রকাশকের নাম Banaras Hindu University
Date of publication | প্রকাশ কাল 1964
300 ## - PHYSICAL DESCRIPTION |
Page / Vol. No | পৃষ্ঠা / খন্ড সংখ্যা xviii,346p.
Other physical details | অনান্য বাহ্যিক বিবরণ ill.,, diagrams , map
504 ## - BIBLIOGRAPHY, ETC. NOTE
Bibliography, etc Includes index
650 ## - SUBJECT ADDED ENTRY--TOPICAL TERM | বিষয় শিরোনাম - মূল বিষয়
Topical term | মূল বিষয় Punjab - Geography
850 ## - HOLDING INSTITUTION
Holding institution LCLIB/915.45/KAY
942 ## - ADDED ENTRY ELEMENTS (KOHA)
Koha item type Books
Holdings
Withdrawn status Lost status Damaged status Not for loan Home library Current library Date acquired Total Checkouts Full call number Accession No. Date last seen Price effective from Koha item type
        Loreto College Loreto College 04/11/2013   915.45/KAY LCLIB(Press)/18880 B27727 04/11/2013 04/11/2013 Books